| 000 | 00631nam a2200205 i 4500 | ||
|---|---|---|---|
| 001 | 95419 | ||
| 003 | ES-MaACL | ||
| 005 | 20230906181712.0 | ||
| 007 | t| | ||
| 008 | 050530s1971 sp ||||1| spa d | ||
| 100 | 1 |
_aLlanos, José María de. _972709 |
|
| 245 | 1 | 1 |
_a¡Creo...! / _cJosé María de Llanos, S. J. |
| 260 |
_aBilbao : _bDesclée de Brouwer, _c1971. |
||
| 300 |
_a154 p. ; _c21 cm. |
||
| 490 | 1 |
_aEl Credo que ha dado sentido a mi vida ; _v2 |
|
| 600 | 0 | 4 |
_aLlanos, José María de. _972709 |
| 830 | 1 |
_aEl Credo que ha dado sentido a mi vida ; _v2 _9192733 |
|
| 852 |
_aES-MaACL _jC-45129 |
||
| 999 |
_c95419 _d95419 |
||